មួយជំហានដ៏ធំរបស់កាបកាប / (Record no. 1539)

MARC details
000 -LEADER
fixed length control field 02312nam a22003137a 4500
001 - CONTROL NUMBER
control field 1539
003 - CONTROL NUMBER IDENTIFIER
control field FISKH
005 - DATE AND TIME OF LATEST TRANSACTION
control field 20230905150517.0
008 - FIXED-LENGTH DATA ELEMENTS--GENERAL INFORMATION
fixed length control field 230905b cb ||||| |||| 00| 0 khr d
020 ## - INTERNATIONAL STANDARD BOOK NUMBER
International Standard Book Number 9789996305009
040 ## - CATALOGING SOURCE
Original cataloging agency FISKH
Language of cataloging eng
Transcribing agency FISKH
Modifying agency FISKH
082 ## - DEWEY DECIMAL CLASSIFICATION NUMBER
Classification number 636.59
100 ## - MAIN ENTRY--PERSONAL NAME
Personal name Stewart, Amber
245 ## - TITLE STATEMENT
Title មួយជំហានដ៏ធំរបស់កាបកាប /
Statement of responsibility, etc. អេមប៊ឺរ ស្ទេវ៉ាត - លែន ម៉ាឡូ - បកប្រែពីភាសាអង់គ្លេសដោយ ហួត វិច្ខិកា
250 ## - EDITION STATEMENT
Edition statement បោះពុម្ពលើកទី៩ មិថុនា​ ២០២២
260 ## - PUBLICATION, DISTRIBUTION, ETC.
Place of publication, distribution, etc. Phnom Penh :
Name of publisher, distributor, etc. Sipar,
Date of publication, distribution, etc. 2010.
300 ## - PHYSICAL DESCRIPTION
Extent 27 pages :
Other physical details color illustrations ;
Dimensions 24 cm
490 ## - SERIES STATEMENT
Series statement រឿងដំបូងៗ
505 ## - FORMATTED CONTENTS NOTE
Formatted contents note G<br/>
520 ## - SUMMARY, ETC.
Summary, etc. កាបកាបជាកូនទាតូចមួយ។ វាចង់ទៅរៀនខ្លាំងណាស់។ ប៉ុន្តែថ្ងៃចូលរៀនមកដល់ ក្នុងចិត្តវារារែកមួយរំពេច។ ទោះយ៉ាងណាការចូលសាលារៀន គឺជាការបោះជំហានមួយយ៉ាងធំរបស់វា។ ក្នុងរឿងនេះ ក្ដីព្រួយបារម្ភរបស់កាបកាប ប្រែក្លាយជាស្នាមញញឹម ដោយសារការផ្ដល់ក្ដីស្រលាញ់និងគាំទ្រពីម្ដាយ ចំពោះការសិក្សារបស់កូន។
520 ## - SUMMARY, ETC.
Summary, etc. Kab Kap is a small duckling. She wants to go to school very much. But the day of school came to mind, she hesitated immediately. However, going to school is a big step. In this regard, Kab Kap's concern turns into a smile due to the mother's love and support for her child's education.
521 8# - TARGET AUDIENCE NOTE
Target audience note 380<br/><br/>
Source Lexile estimate <br/>
521 8# - TARGET AUDIENCE NOTE
Target audience note G<br/>
Source Raz-Plus <br/>
650 ## - SUBJECT ADDED ENTRY--TOPICAL TERM
Topical term or geographic name entry element ព្រួយបារម្ភ
Form subdivision រារែក
General subdivision ស្នាមញញឹម
Chronological subdivision សាលារៀន
651 ## - SUBJECT ADDED ENTRY--GEOGRAPHIC NAME
Geographic name Worry
Form subdivision Hesitate
General subdivision Smile
Chronological subdivision School
700 ## - ADDED ENTRY--PERSONAL NAME
Personal name Vichheka, Huot
Relator term Translator
700 ## - ADDED ENTRY--PERSONAL NAME
Personal name Marlow, Layn
Relator term illustrator
942 ## - ADDED ENTRY ELEMENTS (KOHA)
Source of classification or shelving scheme Dewey Decimal Classification
Koha item type Books
Suppress in OPAC No
Holdings
Withdrawn status Lost status Source of classification or shelving scheme Damaged status Not for loan Collection Home library Current library Shelving location Date acquired Total Checkouts Full call number Barcode Date last seen Copy number Price effective from Koha item type Date last checked out
    Dewey Decimal Classification     Khmer Language Books / សៀវភៅភាសាខ្មែរ Footprints International School Library Network Toul Kork Campus Footprints International School Library Network Toul Kork Campus TK Campus, Room B402, Khmer Book Case 16, Shelves 112-123 / ទូរសៀវភៅខ្មែរលេខ ១៦​ ធ្នើរ ១១២ ដល់ ១២៣ បន្ទប់ B402 សាខាទួលគោក 09/05/2023   STE 636.59 2023-0484 11/10/2025 1 09/05/2023 Khmer Books  
    Dewey Decimal Classification     Khmer Language Books / សៀវភៅភាសាខ្មែរ Footprints International School Library Network Toul Kork Campus Footprints International School Library Network Toul Kork Campus TK Campus, Room B402, Khmer Book Case 16, Shelves 112-123 / ទូរសៀវភៅខ្មែរលេខ ១៦​ ធ្នើរ ១១២ ដល់ ១២៣ បន្ទប់ B402 សាខាទួលគោក 09/05/2023 1 STE 636.59 2023-0485 01/20/2026 2 09/05/2023 Khmer Books 01/13/2026
    Dewey Decimal Classification     Khmer Language Books / សៀវភៅភាសាខ្មែរ Footprints International School Library Network Toul Kork Campus Footprints International School Library Network Toul Kork Campus TK Old Khmer Books (Rear Hallway Shelf 3) 06/27/2024   STE 636.59 FISTKG1B011 06/27/2024 3 06/27/2024 Khmer Books  
    Dewey Decimal Classification     Khmer Language Books / សៀវភៅភាសាខ្មែរ Footprints International School Library Network Toul Kork Campus Footprints International School Library Network Toul Kork Campus TK Old Khmer Books (Rear Hallway Shelf 3) 07/08/2024   STE 636.59 FISTKG2A019 07/08/2024 4 07/08/2024 Khmer Books  
    Dewey Decimal Classification     Khmer Language Books / សៀវភៅភាសាខ្មែរ Footprints International School Library Network Toul Kork Campus Footprints International School Library Network Toul Kork Campus TK Old Khmer Books (Rear Hallway Shelf 3) 07/08/2024   STE 636.59 2024-0917 07/08/2024 5 07/08/2024 Khmer Books  
    Dewey Decimal Classification     Khmer Language Books / សៀវភៅភាសាខ្មែរ Footprints International School Library Network Toul Kork Campus Footprints International School Library Network Toul Kork Campus TK Old Khmer Books (Rear Hallway Shelf 3) 07/08/2024   STE 636.59 FISBK03736 07/08/2024 6 07/08/2024 Khmer Books  
    Dewey Decimal Classification     Khmer Language Books / សៀវភៅភាសាខ្មែរ Footprints International School Library Network Toul Kork Campus Footprints International School Library Network Toul Kork Campus TK Old Khmer Books (Rear Hallway Shelf 3) 07/08/2024 1 STE 636.59 FISTKG2A002 06/09/2025 7 07/08/2024 Khmer Books 12/03/2024
    Dewey Decimal Classification     Khmer Language Books / សៀវភៅភាសាខ្មែរ Footprints International School Library Network Toul Kork Campus Footprints International School Library Network Toul Kork Campus TK Old Khmer Books (Rear Hallway Shelf 3) 07/08/2024 1 STE 636.59 2024-0918 12/03/2024 8 07/08/2024 Khmer Books 08/23/2024
    Dewey Decimal Classification     Khmer Language Books / សៀវភៅភាសាខ្មែរ Footprints International School Library Network Toul Tom Poung Campus Footprints International School Library Network Toul Tom Poung Campus TTP Primary Khmer Bookshelves 08/21/2025   STE 636.59 2025-4177 08/21/2025 9 08/21/2025 Khmer Books  
    Dewey Decimal Classification     Khmer Language Books / សៀវភៅភាសាខ្មែរ Footprints International School Library Network Toul Tom Poung Campus Footprints International School Library Network Toul Tom Poung Campus TTP Primary Khmer Bookshelves 08/21/2025   STE 636.59 2025-4185 08/21/2025 10 08/21/2025 Khmer Books